|
|
|
|
| LEADER |
00000nam0a2200000 4500 |
| 001 |
46814 |
| 005 |
20231101211040.0 |
| 035 |
|
|
|a (RuTPU)RU\TPU\book\48871
|
| 090 |
|
|
|a 46814
|
| 100 |
|
|
|a 20030128d1977 m y0rusy50 ca
|
| 101 |
1 |
|
|a rus
|c ger
|
| 102 |
|
|
|a RU
|
| 105 |
|
|
|a a j 001zy
|
| 200 |
1 |
|
|a Введение в электронную теорию органических реакций
|e пер. с нем.
|f Г. Беккер
|
| 210 |
|
|
|a Москва
|c Мир
|d 1977
|
| 215 |
|
|
|a 658 с.
|c ил.
|
| 320 |
|
|
|a Библиогр. списки лит. в конце разделов.
|
| 320 |
|
|
|a Предм. указ.: с. 632-653.
|
| 330 |
|
|
|a Книга является руководством для углубленного изучения теоретических основ органической химии. В ней рассматриваются механизмы главных типов превращений органических веществ: нуклеофильное замещение у насыщенного атома углерода, отщепление, нуклеофильные реакции полярных двойных связей, электрофильное присоединение к олефинам и ароматическим двойным связям, нуклеофильные перегруппировки у электронодефицитных атомов, некоторые радикальные реакции. Книгу отличает всесторонность и глубина подхода к рассматриваемым реакциям, ясность изложения, большой объем цитируемых оригинальных и обзорных работ. Все это ставит новое - переработанное и дополненное - издание в ряд ценных учебных пособий для студентов и аспирантов химических вузов. Ее с интересом и пользой прочтут также преподаватели и исследователи, работающие в области органической химии.
|
| 606 |
1 |
|
|a Органическая химия
|x Электронная теория
|2 stltpush
|3 (RuTPU)RU\TPU\subj\75663
|9 87339
|
| 610 |
1 |
|
|a органические реакции
|
| 610 |
1 |
|
|a химические связи
|
| 610 |
1 |
|
|a отщепление
|
| 610 |
1 |
|
|a нуклеофильные реакции
|
| 610 |
1 |
|
|a электрофильные реакции
|
| 610 |
1 |
|
|a радикальные реакции
|
| 610 |
1 |
|
|a учебные пособия
|
| 675 |
|
|
|a 547:544.16(075.8)
|v 3
|
| 700 |
|
1 |
|a Беккер
|b Г.
|g Гайнц
|
| 801 |
|
1 |
|a RU
|b 63413507
|c 20030128
|g PSBO
|
| 801 |
|
2 |
|a RU
|b 63413507
|c 20161207
|g PSBO
|
| 942 |
|
|
|c BK
|